[Event "EUYCC 2024 U8"]
[Site "?"]
[Date "2024.08.06"]
[Round "2.1"]
[White "Rusek, Witold"]
[Black "Esmer, Milan"]
[Result "1-0"]
[BlackElo "1784"]
[WhiteElo "1574"]
[LiveChessVersion "1.4.8"]

1. e4 {[%clk 1:30:58]} e6 {[%clk 1:30:41]} 2. d4 {[%clk 1:31:22]} d5
{[%clk 1:30:48]} 3. Bd3 {[%clk 1:31:42]} c5 {[%clk 1:30:33]} 4. exd5
{[%clk 1:31:56]} exd5 {[%clk 1:28:24]} 5. Nf3 {[%clk 1:30:51]} Nf6
{[%clk 1:28:37]} 6. O-O {[%clk 1:30:22]} Bd6 {[%clk 1:28:10]} 7. c4
{[%clk 1:28:13]} O-O {[%clk 1:27:25]} 8. Nc3 {[%clk 1:26:25]} Be6
{[%clk 1:23:41]} 9. b3 {[%clk 1:22:58]} Nc6 {[%clk 1:21:54]} 10. Bb2
{[%clk 1:18:14]} Qc7 {[%clk 1:14:26]} 11. Nb5 {[%clk 1:16:35]} Qd7
{[%clk 1:13:53]} 12. Nxd6 {[%clk 1:16:28]} Qxd6 {[%clk 1:13:44]} 13. dxc5
{[%clk 1:15:20]} Qe7 {[%clk 1:13:27]} 14. Ng5 {[%clk 1:13:37]} h6
{[%clk 1:13:09]} 15. Bxf6 {[%clk 1:12:54]} Qd7 {[%clk 1:07:54]} 16. Nxe6
{[%clk 1:12:52]} fxe6 {[%clk 1:07:23]} 17. cxd5 {[%clk 1:12:31]} Rxf6
{[%clk 1:05:44]} 18. dxc6 {[%clk 1:12:26]} Qxc6 {[%clk 1:05:52]} 19. Qc2
{[%clk 1:12:06]} Rd8 {[%clk 0:57:09]} 20. Rad1 {[%clk 1:11:41]} Rd4
{[%clk 0:55:59]} 21. Bh7+ {[%clk 1:11:34]} 1-0

[Event "EUYCC 2024 U8"]
[Site "?"]
[Date "2024.08.06"]
[Round "2.2"]
[White "Pham, Han Nam"]
[Black "Dragoi, Aaron-Mathias"]
[Result "1-0"]
[BlackElo "1598"]
[WhiteElo "1654"]
[LiveChessVersion "1.4.8"]

1. e4 {[%clk 1:30:52]} e6 {[%clk 1:30:55]} 2. d4 {[%clk 1:30:38]} d5
{[%clk 1:31:19]} 3. Nc3 {[%clk 1:30:25]} dxe4 {[%clk 1:31:39]} 4. Nxe4
{[%clk 1:30:11]} Nd7 {[%clk 1:31:54]} 5. Nf3 {[%clk 1:29:47]} Ngf6
{[%clk 1:32:13]} 6. Nxf6+ {[%clk 1:28:57]} Nxf6 {[%clk 1:32:34]} 7. Bd3
{[%clk 1:28:40]} Bd6 {[%clk 1:32:15]} 8. O-O {[%clk 1:27:29]} O-O
{[%clk 1:32:39]} 9. Be3 {[%clk 1:27:04]} b6 {[%clk 1:30:53]} 10. Qe2
{[%clk 1:25:36]} Bb7 {[%clk 1:31:16]} 11. Rad1 {[%clk 1:24:32]} Qe7
{[%clk 1:30:57]} 12. c3 {[%clk 1:23:34]} Rfd8 {[%clk 1:28:20]} 13. Bb1
{[%clk 1:22:11]} a5 {[%clk 1:28:02]} 14. Rfe1 {[%clk 1:20:51]} Rac8
{[%clk 1:28:12]} 15. Bg5 {[%clk 1:19:29]} h6 {[%clk 1:26:42]} 16. Bh4
{[%clk 1:18:18]} c5 {[%clk 1:22:23]} 17. Ne5 {[%clk 1:16:23]} g5 {[%clk 1:08:53]}
18. Bg3 {[%clk 1:13:19]} Kh8 {[%clk 1:09:02]} 19. a3 {[%clk 1:04:17]} Bb8
{[%clk 1:06:04]} 20. Ba2 {[%clk 0:59:15]} Rg8 {[%clk 1:02:33]} 21. Nxf7+
{[%clk 0:57:15]} Qxf7 {[%clk 1:02:20]} 22. Bxe6 {[%clk 0:56:50]} Qe7
{[%clk 0:58:47]} 23. Bxc8 {[%clk 0:55:29]} Qxe2 {[%clk 0:59:08]} 24. Rxe2
{[%clk 0:55:46]} Rxc8 {[%clk 0:59:20]} 25. Bxb8 {[%clk 0:55:27]} Rxb8
{[%clk 0:59:49]} 26. Re6 {[%clk 0:55:09]} Nd7 {[%clk 0:57:15]} 27. Rxh6+
{[%clk 0:55:14]} Kg7 {[%clk 0:57:36]} 28. Rd6 {[%clk 0:55:12]} Bc8
{[%clk 0:56:38]} 29. f3 {[%clk 0:54:48]} cxd4 {[%clk 0:56:23]} 30. R1xd4
{[%clk 0:54:31]} Nf6 {[%clk 0:54:25]} 31. Rd8 {[%clk 0:53:55]} Ra8
{[%clk 0:54:18]} 32. R4d6 {[%clk 0:53:30]} Bb7 {[%clk 0:51:16]} 33. Rxa8
{[%clk 0:53:46]} Bxa8 {[%clk 0:51:29]} 34. Rxb6 {[%clk 0:54:03]} 1-0

[Event "EUYCC 2024 U8"]
[Site "?"]
[Date "2024.08.06"]
[Round "2.3"]
[White "Petrov, Valery P."]
[Black "Rosu, Razvan-Mihai"]
[Result "0-1"]
[BlackElo "1645"]
[WhiteElo "1459"]
[LiveChessVersion "1.4.8"]

1. e4 {[%clk 1:30:57]} c6 {[%clk 1:30:50]} 2. d4 {[%clk 1:31:22]} d5
{[%clk 1:31:10]} 3. e5 {[%clk 1:31:44]} Bf5 {[%clk 1:31:29]} 4. g4
{[%clk 1:32:02]} Be4 {[%clk 1:31:30]} 5. f3 {[%clk 1:32:21]} Bg6 {[%clk 1:31:53]}
6. h4 {[%clk 1:32:13]} h5 {[%clk 1:32:12]} 7. gxh5 {[%clk 1:32:06]} Bxh5
{[%clk 1:31:40]} 8. e6 {[%clk 1:32:18]} Qd6 {[%clk 1:31:52]} 9. exf7+
{[%clk 1:32:37]} Bxf7 {[%clk 1:32:12]} 10. Be2 {[%clk 1:32:27]} Qg3+
{[%clk 1:31:18]} 11. Kf1 {[%clk 1:31:33]} Nf6 {[%clk 1:30:31]} 12. Qd3
{[%clk 1:31:28]} Bg6 {[%clk 1:28:32]} 13. Qe3 {[%clk 1:31:10]} Bxc2
{[%clk 1:26:00]} 14. Bd3 {[%clk 1:30:45]} Bxd3+ {[%clk 1:26:05]} 15. Qxd3
{[%clk 1:31:07]} Ne4 {[%clk 1:24:22]} 16. Qe2 {[%clk 1:30:56]} Nd6
{[%clk 1:23:52]} 17. Qd3 {[%clk 1:30:59]} Nf7 {[%clk 1:17:12]} 18. f4
{[%clk 1:30:03]} Qxd3+ {[%clk 1:17:34]} 19. Ke1 {[%clk 1:30:04]} Qe4+
{[%clk 1:17:56]} 20. Kf2 {[%clk 1:30:23]} Qxh1 {[%clk 1:18:19]} 21. Nc3
{[%clk 1:30:40]} Qxh4+ {[%clk 1:18:36]} 22. Kf3 {[%clk 1:30:51]} Qh1+
{[%clk 1:18:44]} 23. Kf2 {[%clk 1:31:13]} Rh2+ {[%clk 1:19:08]} 24. Kf1
{[%clk 1:31:31]} Qg2+ {[%clk 1:19:26]} 25. Ke1 {[%clk 1:31:27]} Qxg1# 0-1

[Event "EUYCC 2024 U8"]
[Site "?"]
[Date "2024.08.06"]
[Round "2.4"]
[White "Vratny, Vojtech"]
[Black "Flidrova, Mariana"]
[Result "1-0"]
[BlackElo "1486"]
[WhiteElo "1601"]
[LiveChessVersion "1.4.8"]

1. Nf3 {[%clk 1:30:57]} e6 {[%clk 1:30:49]} 2. g3 {[%clk 1:31:15]} Nf6
{[%clk 1:31:06]} 3. Bg2 {[%clk 1:31:26]} b6 {[%clk 1:31:20]} 4. O-O
{[%clk 1:30:01]} Bb7 {[%clk 1:31:46]} 5. d4 {[%clk 1:29:21]} Be7 {[%clk 1:32:05]}
6. c4 {[%clk 1:28:35]} O-O {[%clk 1:32:25]} 7. b3 {[%clk 1:27:07]} Ne4 8. Qc2
{[%clk 1:24:20]} f5 {[%clk 1:32:16]} 9. Bb2 {[%clk 1:19:35]} d6 10. Nc3 Nd7
{[%clk 1:30:36]} 11. Rfd1 {[%clk 1:11:17]} Nxc3 {[%clk 1:29:44]} 12. Bxc3
{[%clk 1:10:20]} c5 {[%clk 1:28:40]} 13. Qb2 {[%clk 1:07:42]} Qc7
{[%clk 1:27:43]} 14. dxc5 {[%clk 1:04:08]} bxc5 {[%clk 1:27:48]} 15. Bxg7
{[%clk 1:03:37]} Rf7 16. Bc3 {[%clk 1:02:59]} e5 {[%clk 1:26:57]} 17. Ne1
{[%clk 1:01:43]} Bxg2 {[%clk 1:26:59]} 18. Nxg2 Rb8 {[%clk 1:26:45]} 19. Ne3
{[%clk 1:00:36]} Qb7 {[%clk 1:26:07]} 20. Qc2 {[%clk 0:58:15]} Rf6
{[%clk 1:24:17]} 21. Nxf5 {[%clk 0:57:43]} Bd8 {[%clk 1:24:22]} 22. Rxd6
{[%clk 0:57:08]} Rxd6 {[%clk 1:23:42]} 23. Nxd6 {[%clk 0:56:02]} Qc6
{[%clk 1:23:59]} 24. Rd1 {[%clk 0:55:18]} Be7 {[%clk 1:21:16]} 25. Nf5
{[%clk 0:51:47]} Bf6 {[%clk 1:17:19]} 26. Rd6 Qc7 {[%clk 1:15:30]} 27. Qe4
{[%clk 0:47:10]} Bg7 {[%clk 1:14:55]} 28. Qd5+ {[%clk 0:47:28]} Kh8
{[%clk 1:14:48]} 29. Rxd7 {[%clk 0:47:49]} Qb6 30. Rxg7 {[%clk 0:47:36]} Qd8
{[%clk 1:13:32]} 31. Rg8+ {[%clk 0:47:47]} Qxg8 {[%clk 1:13:53]} 32. Bxe5+
{[%clk 0:48:08]} Qg7 {[%clk 1:14:13]} 33. Bxg7# {[%clk 0:48:31]} 1-0

[Event "EUYCC 2024 U8"]
[Site "?"]
[Date "2024.08.07"]
[Round "3.1"]
[White "Vratny, Vojtech"]
[Black "Pham, Han Nam"]
[Result "0-1"]
[BlackElo "1654"]
[WhiteElo "1601"]
[LiveChessVersion "1.4.8"]

1. d4 {[%clk 1:30:57]} d5 {[%clk 1:30:43]} 2. c4 {[%clk 1:30:51]} e6
{[%clk 1:30:20]} 3. Nf3 {[%clk 1:30:49]} c5 {[%clk 1:30:34]} 4. dxc5
{[%clk 1:29:23]} Bxc5 {[%clk 1:30:01]} 5. cxd5 {[%clk 1:29:14]} Nf6
{[%clk 1:29:37]} 6. Bg5 {[%clk 1:27:02]} Bxf2+ {[%clk 1:29:04]} 7. Kxf2
{[%clk 1:25:02]} Ne4+ {[%clk 1:29:24]} 8. Ke1 {[%clk 1:22:53]} Nxg5
{[%clk 1:29:25]} 9. dxe6 {[%clk 1:20:45]} Nxf3+ {[%clk 1:28:04]} 10. exf3
{[%clk 1:17:25]} Qxd1+ {[%clk 1:27:52]} 11. Kxd1 {[%clk 1:17:39]} Bxe6
{[%clk 1:27:58]} 12. Nc3 {[%clk 1:14:59]} Nc6 {[%clk 1:26:55]} 13. Ke1
{[%clk 1:02:27]} O-O-O {[%clk 1:26:05]} 14. Rd1 {[%clk 0:50:26]} Rxd1+
{[%clk 1:25:48]} 15. Kxd1 {[%clk 0:41:32]} Rd8+ {[%clk 1:25:40]} 16. Kc1
{[%clk 0:39:46]} Nb4 17. a3 {[%clk 0:35:56]} Nc6 {[%clk 1:23:36]} 18. Be2
{[%clk 0:32:02]} Nd4 {[%clk 1:22:49]} 19. Bd1 {[%clk 0:30:43]} Kc7
{[%clk 1:21:45]} 20. Ba4 {[%clk 0:20:14]} a6 {[%clk 1:21:33]} 21. Rd1
{[%clk 0:16:05]} Bf5 {[%clk 1:20:01]} 22. Rd2 {[%clk 0:13:52]} b5
{[%clk 1:20:01]} 23. Bd1 {[%clk 0:13:44]} Kb6 {[%clk 1:19:58]} 24. b4
{[%clk 0:07:57]} a5 {[%clk 1:18:59]} 25. bxa5+ {[%clk 0:07:25]} Kxa5
{[%clk 1:19:15]} 26. Kb2 {[%clk 0:06:34]} b4 {[%clk 1:18:12]} 27. axb4+
{[%clk 0:05:40]} Kxb4 {[%clk 1:17:37]} 28. Ne2 {[%clk 0:05:27]} Kc5
{[%clk 1:16:57]} 29. Bb3 {[%clk 0:03:35]} f6 {[%clk 1:16:13]} 30. Ng3
{[%clk 0:01:46]} Bg6 {[%clk 1:15:34]} 31. f4 {[%clk 0:00:59]} Rb8
{[%clk 1:15:56]} 0-1

[Event "EUYCC 2024 U8"]
[Site "?"]
[Date "2024.08.07"]
[Round "3.2"]
[White "Rosu, Razvan-Mihai"]
[Black "Rusek, Witold"]
[Result "0-1"]
[BlackElo "1574"]
[WhiteElo "1645"]
[LiveChessVersion "1.4.8"]

1. d4 {[%clk 1:30:57]} Nf6 {[%clk 1:30:55]} 2. Nf3 {[%clk 1:31:14]} d5
{[%clk 1:31:18]} 3. g3 {[%clk 1:31:36]} e6 {[%clk 1:31:37]} 4. Bg2
{[%clk 1:31:52]} c5 {[%clk 1:31:59]} 5. O-O {[%clk 1:31:41]} cxd4
{[%clk 1:32:20]} 6. Bg5 {[%clk 1:29:38]} h6 {[%clk 1:30:02]} 7. Bxf6
{[%clk 1:29:46]} Qxf6 {[%clk 1:30:13]} 8. Nxd4 {[%clk 1:23:44]} Bc5
{[%clk 1:29:00]} 9. Nb5 {[%clk 1:23:11]} Na6 {[%clk 1:27:08]} 10. c3
{[%clk 1:17:46]} O-O {[%clk 1:23:32]} 11. Nd2 {[%clk 1:15:39]} Bd7
{[%clk 1:22:42]} 12. a4 Bb6 {[%clk 1:19:07]} 13. c4 {[%clk 1:13:53]} Nb4
{[%clk 1:17:20]} 14. cxd5 {[%clk 1:12:35]} exd5 {[%clk 1:16:44]} 15. Qb3
{[%clk 1:09:01]} a5 {[%clk 1:16:41]} 16. Bxd5 {[%clk 1:01:57]} Bxb5
{[%clk 1:16:07]} 17. axb5 Nxd5 18. Qxd5 {[%clk 0:44:55]} Rad8 {[%clk 1:16:13]}
19. Qxb7 {[%clk 0:39:57]} Rxd2 {[%clk 1:15:57]} 20. e3 {[%clk 0:32:23]} Rfd8
{[%clk 1:14:23]} 21. Rac1 {[%clk 0:29:15]} R8d7 {[%clk 1:13:18]} 22. Qb8+
{[%clk 0:28:09]} Kh7 {[%clk 1:13:25]} 23. Rc6 {[%clk 0:27:49]} Ba7
{[%clk 1:12:10]} 24. Rxf6 {[%clk 0:21:55]} Bxb8 {[%clk 1:12:30]} 25. Ra6
{[%clk 0:18:54]} Rxb2 {[%clk 1:11:34]} 26. Rxa5 {[%clk 0:17:25]} Rd5
{[%clk 1:10:50]} 27. Ra8 {[%clk 0:15:58]} Rdxb5 {[%clk 1:10:48]} 28. Kg2
{[%clk 0:16:08]} Rb7 {[%clk 1:10:10]} 29. Ra4 {[%clk 0:16:21]} f5
{[%clk 1:09:40]} 30. Rd1 {[%clk 0:16:19]} R7b3 {[%clk 1:09:19]} 31. Kf3
{[%clk 0:14:26]} Rc3 {[%clk 1:08:21]} 32. Ra5 {[%clk 0:10:21]} Rcc2
{[%clk 1:06:53]} 33. Rf1 {[%clk 0:10:07]} Kg6 {[%clk 1:06:42]} 34. Ra6+
{[%clk 0:10:06]} Kf7 {[%clk 1:06:52]} 35. Ra5 {[%clk 0:10:13]} Ke6
{[%clk 1:06:30]} 36. Ra6+ {[%clk 0:09:41]} Bd6 {[%clk 1:06:29]} 37. Ra8
{[%clk 0:09:15]} Bb4 {[%clk 1:04:21]} 38. Ra6+ {[%clk 0:08:22]} Ke5
{[%clk 1:01:58]} 39. Rg6 {[%clk 0:08:16]} Be1 {[%clk 1:02:06]} 40. Kg2
{[%clk 0:05:59]} Bxf2 {[%clk 1:01:58]} 41. Kf3 {[%clk 0:04:37]} Bxe3
{[%clk 1:02:13]} 42. Rxg7 {[%clk 0:03:39]} Bc5 {[%clk 1:02:04]} 43. Re1+
{[%clk 0:01:32]} Kf6 {[%clk 1:02:08]} 44. g4 {[%clk 0:01:09]} Rc3+
{[%clk 1:02:22]} 45. Kf4 {[%clk 0:01:19]} Rf2# {[%clk 1:02:40]} 0-1

[Event "EUYCC 2024 U8"]
[Site "?"]
[Date "2024.08.08"]
[Round "4.1"]
[White "Pham, Han Nam"]
[Black "Rusek, Witold"]
[Result "1-0"]
[BlackElo "1574"]
[WhiteElo "1654"]
[LiveChessVersion "1.4.8"]

1. e4 {[%clk 1:30:38]} c5 {[%clk 1:30:57]} 2. Nf3 {[%clk 1:30:31]} e6
{[%clk 1:31:20]} 3. d4 {[%clk 1:30:16]} cxd4 {[%clk 1:31:46]} 4. Nxd4
{[%clk 1:30:38]} Nc6 {[%clk 1:32:13]} 5. Nc3 {[%clk 1:30:24]} Qc7
{[%clk 1:32:33]} 6. g3 {[%clk 1:30:43]} Nf6 {[%clk 1:31:44]} 7. Bg2
{[%clk 1:29:47]} Be7 {[%clk 1:29:36]} 8. O-O {[%clk 1:26:26]} O-O
{[%clk 1:28:34]} 9. Be3 {[%clk 1:26:13]} Rb8 {[%clk 1:25:26]} 10. Nb3
{[%clk 1:24:58]} b6 {[%clk 1:23:15]} 11. g4 {[%clk 1:24:11]} d6 {[%clk 1:20:50]}
12. g5 {[%clk 1:23:36]} Nd7 {[%clk 1:20:51]} 13. f4 {[%clk 1:23:20]} Nc5
{[%clk 1:19:38]} 14. Qh5 {[%clk 1:21:24]} f6 {[%clk 1:16:42]} 15. Rf3
{[%clk 1:20:39]} g6 {[%clk 1:15:07]} 16. Qh6 {[%clk 1:20:22]} fxg5
{[%clk 1:14:59]} 17. Rh3 {[%clk 1:19:42]} Rf7 {[%clk 1:14:04]} 18. fxg5
{[%clk 1:11:54]} Ne5 {[%clk 1:09:57]} 19. Qh4 {[%clk 1:10:46]} h5
{[%clk 1:03:52]} 20. Rd1 {[%clk 1:05:54]} Nc4 {[%clk 1:03:52]} 21. Bc1
{[%clk 1:00:55]} b5 {[%clk 1:00:59]} 22. Bf1 {[%clk 0:58:51]} Qb6
{[%clk 0:58:25]} 23. Kh1 {[%clk 0:57:19]} e5 {[%clk 0:54:53]} 24. Rg3
{[%clk 0:56:25]} Bg4 {[%clk 0:52:52]} 25. Re1 {[%clk 0:56:01]} Bf3+ 26. Bg2 Nxb3
{[%clk 0:49:55]} 27. Rxf3 {[%clk 0:55:21]} Rxf3 {[%clk 0:49:21]} 28. Bxf3
{[%clk 0:55:27]} Nxc1 {[%clk 0:49:17]} 29. Rxc1 {[%clk 0:55:23]} Qe3
{[%clk 0:49:17]} 30. Rf1 {[%clk 0:55:00]} Nd2 {[%clk 0:49:12]} 31. Nd5
{[%clk 0:55:09]} Bxg5 {[%clk 0:48:50]} 32. Qh3 {[%clk 0:53:12]} Qd4
{[%clk 0:46:37]} 33. Qe6+ {[%clk 0:53:15]} Kg7 {[%clk 0:45:15]} 34. Rd1
{[%clk 0:49:56]} Qf2 {[%clk 0:44:18]} 35. Bg2 {[%clk 0:49:56]} Rf8
{[%clk 0:40:40]} 36. Qxd6 {[%clk 0:49:08]} Nf3 {[%clk 0:38:17]} 37. Rf1
{[%clk 0:48:52]} Qe2 {[%clk 0:35:14]} 38. Qd7+ {[%clk 0:47:48]} Kh6
{[%clk 0:34:15]} 39. Qh3 {[%clk 0:47:56]} Qxe4 {[%clk 0:32:51]} 40. Rxf3
{[%clk 0:47:15]} Rxf3 {[%clk 0:32:33]} 41. Qxf3 {[%clk 0:47:29]} Qxc2
{[%clk 0:31:29]} 42. Qf8+ {[%clk 0:47:09]} Kh7 {[%clk 0:31:53]} 43. Qf7+
{[%clk 0:45:35]} Kh6 {[%clk 0:31:03]} 44. Nc3 {[%clk 0:41:42]} Qxb2
{[%clk 0:30:30]} 45. Qf8+ {[%clk 0:40:58]} Kh7 {[%clk 0:30:49]} 46. Bd5
{[%clk 0:40:24]} Qc1+ {[%clk 0:30:11]} 47. Kg2 {[%clk 0:40:18]} Qd2+
{[%clk 0:30:26]} 48. Qf2 {[%clk 0:39:46]} Qxc3 {[%clk 0:29:57]} 49. Qf7+
{[%clk 0:39:54]} Kh6 {[%clk 0:30:06]} 50. Qf8+ {[%clk 0:40:19]} Kh7
{[%clk 0:30:24]} 51. Qg8+ {[%clk 0:40:44]} Kh6 {[%clk 0:30:48]} 52. Qh8#
{[%clk 0:41:08]} 1-0

[Event "EUYCC 2024 U8"]
[Site "?"]
[Date "2024.08.08"]
[Round "4.2"]
[White "Dragoi, Aaron-Mathias"]
[Black "Esmer, Milan"]
[Result "1-0"]
[BlackElo "1784"]
[WhiteElo "1598"]
[LiveChessVersion "1.4.8"]

1. d4 {[%clk 1:30:57]} Nf6 {[%clk 1:30:46]} 2. Nf3 {[%clk 1:31:19]} c5
{[%clk 1:29:52]} 3. e3 {[%clk 1:29:25]} Nc6 {[%clk 1:29:23]} 4. c3
{[%clk 1:28:44]} d5 {[%clk 1:29:12]} 5. Bd3 {[%clk 1:28:39]} Bg4 {[%clk 1:28:51]}
6. Nbd2 {[%clk 1:27:28]} e5 {[%clk 1:28:41]} 7. dxe5 {[%clk 1:26:50]} Nxe5
{[%clk 1:28:59]} 8. Bb5+ {[%clk 1:26:38]} Nfd7 {[%clk 1:27:36]} 9. h3
{[%clk 1:25:27]} Nxf3+ {[%clk 1:26:27]} 10. Nxf3 {[%clk 1:25:43]} Bf5
{[%clk 1:26:05]} 11. Qxd5 {[%clk 1:23:51]} Qb6 {[%clk 1:23:23]} 12. Ng5
{[%clk 1:09:29]} Be6 {[%clk 1:17:23]} 13. Bxd7+ {[%clk 1:08:41]} Bxd7
{[%clk 1:16:55]} 14. Qxf7+ {[%clk 1:09:02]} Kd8 {[%clk 1:17:02]} 15. Qd5
{[%clk 1:05:55]} Kc7 16. e4 {[%clk 1:00:41]} h6 {[%clk 1:11:39]} 17. Bf4+
{[%clk 0:59:20]} Kc8 {[%clk 1:11:03]} 18. Rd1 {[%clk 0:51:02]} Qb5
{[%clk 1:06:33]} 19. Nf7 {[%clk 0:47:40]} Rh7 {[%clk 1:06:11]} 20. Nd6+
{[%clk 0:44:54]} Bxd6 {[%clk 1:06:26]} 21. Qxd6 {[%clk 0:45:05]} Kd8
{[%clk 1:06:21]} 22. Qf8# {[%clk 0:45:14]} 1-0

[Event "EUYCC 2024 U8"]
[Site "?"]
[Date "2024.08.08"]
[Round "4.4"]
[White "Petrov, Valery P."]
[Black "Vratny, Vojtech"]
[Result "1-0"]
[BlackElo "1601"]
[WhiteElo "1459"]
[LiveChessVersion "1.4.8"]

1. e4 {[%clk 1:30:56]} c6 {[%clk 1:30:50]} 2. d4 {[%clk 1:31:21]} d5
{[%clk 1:31:12]} 3. e5 {[%clk 1:31:32]} Bf5 {[%clk 1:31:19]} 4. Nc3
{[%clk 1:31:46]} e6 {[%clk 1:30:59]} 5. g4 {[%clk 1:32:10]} Bg6 {[%clk 1:30:17]}
6. Nge2 {[%clk 1:32:19]} c5 {[%clk 1:26:56]} 7. h4 {[%clk 1:32:43]} h5
{[%clk 1:25:47]} 8. Nf4 {[%clk 1:33:00]} Ne7 {[%clk 1:24:01]} 9. Nxg6
{[%clk 1:32:54]} Nxg6 {[%clk 1:23:46]} 10. Bg5 {[%clk 1:31:24]} Be7
{[%clk 1:14:21]} 11. gxh5 {[%clk 1:29:19]} Nxh4 {[%clk 1:09:42]} 12. Bxh4
{[%clk 1:29:29]} Bxh4 {[%clk 1:10:00]} 13. Qg4 {[%clk 1:29:20]} Bg5
{[%clk 1:05:32]} 14. f4 {[%clk 1:28:57]} Bh6 {[%clk 1:04:32]} 15. O-O-O
{[%clk 1:27:45]} cxd4 {[%clk 1:01:55]} 16. Nb5 {[%clk 1:26:32]} Kf8
{[%clk 0:53:01]} 17. Kb1 Nc6 {[%clk 0:49:01]} 18. f5 {[%clk 1:26:23]} Nxe5
{[%clk 0:43:27]} 19. Qxd4 {[%clk 1:25:44]} Nc6 {[%clk 0:40:44]} 20. Qd3
{[%clk 1:25:33]} a6 {[%clk 0:31:20]} 21. Nd4 {[%clk 1:24:27]} Nxd4
{[%clk 0:28:44]} 22. Qxd4 {[%clk 1:24:33]} Qf6 {[%clk 0:28:05]} 23. Qb4+
{[%clk 1:24:41]} Qe7 {[%clk 0:28:08]} 24. Qc3 {[%clk 1:23:44]} exf5
{[%clk 0:23:52]} 25. Rxd5 {[%clk 1:23:30]} Re8 {[%clk 0:21:13]} 26. Bd3
{[%clk 1:23:16]} f4 {[%clk 0:17:11]} 27. a3 {[%clk 1:23:04]} f3 {[%clk 0:14:54]}
28. Rf1 {[%clk 1:22:17]} Qe3 {[%clk 0:12:08]} 29. Qb4+ {[%clk 1:21:26]} Kg8
{[%clk 0:11:20]} 30. Rf5 {[%clk 1:21:10]} Qe7 {[%clk 0:04:06]} 31. Qb3
{[%clk 1:18:04]} Rf8 {[%clk 0:01:54]} 32. R5xf3 {[%clk 1:17:57]} Bg5
{[%clk 0:01:00]} 33. Rh3 {[%clk 1:17:35]} Bf6 {[%clk 0:01:16]} 34. Rfh1
{[%clk 1:16:34]} Bg5 {[%clk 0:01:25]} 35. Rg3 {[%clk 1:16:38]} Qf6
{[%clk 0:01:12]} 36. Qd5 {[%clk 1:16:43]} Bf4 {[%clk 0:01:00]} 37. Rf3
{[%clk 1:16:29]} Qg5 {[%clk 0:01:01]} 38. Qe4 {[%clk 1:15:58]} Bd6
{[%clk 0:00:58]} 39. Rf5 {[%clk 1:15:30]} Qe7 {[%clk 0:01:06]} 40. Qg4
{[%clk 1:15:27]} Qe6 {[%clk 0:00:53]} 41. Qg5 {[%clk 1:15:01]} Be7
{[%clk 0:00:58]} 42. Qg2 {[%clk 1:13:59]} Bd6 {[%clk 0:00:48]} 43. Rg5
{[%clk 1:13:57]} Qf6 {[%clk 0:01:03]} 44. Rg1 {[%clk 1:13:57]} Be5
{[%clk 0:01:18]} 45. c3 {[%clk 1:13:34]} Rd8 {[%clk 0:01:25]} 46. Rf5
{[%clk 1:13:07]} Qe6 {[%clk 0:01:26]} 47. Rf3 {[%clk 1:11:34]} Rxh5
{[%clk 0:00:59]} 48. Re3 {[%clk 1:11:27]} Qf6 {[%clk 0:00:58]} 49. Rf3
{[%clk 1:10:27]} Qe7 {[%clk 0:00:48]} 50. Bc4 {[%clk 1:08:31]} Rf8
{[%clk 0:01:04]} 51. Qg4 {[%clk 1:06:51]} Rh6 {[%clk 0:01:08]} 52. Rf5
{[%clk 1:06:42]} Rg6 {[%clk 0:01:03]} 53. Rg5 {[%clk 1:06:26]} Rxg5
{[%clk 0:01:22]} 54. Qxg5 {[%clk 1:06:42]} Qxg5 55. Rxg5 {[%clk 1:06:51]} Bf6
{[%clk 0:02:18]} 56. Rh5 {[%clk 1:07:03]} g6 {[%clk 0:02:42]} 57. Rh3
{[%clk 1:07:09]} g5 {[%clk 0:03:02]} 58. Bd3 {[%clk 1:07:17]} Re8
{[%clk 0:03:19]} 59. Bf5 {[%clk 1:06:49]} b6 {[%clk 0:03:31]} 60. c4
{[%clk 1:06:21]} Re5 {[%clk 0:03:46]} 61. Rf3 {[%clk 1:06:13]} b5
{[%clk 0:03:58]} 62. cxb5 {[%clk 1:06:21]} axb5 {[%clk 0:04:22]} 63. b3
{[%clk 1:06:08]} Kg7 {[%clk 0:04:45]} 64. a4 {[%clk 1:06:24]} bxa4
{[%clk 0:05:11]} 65. bxa4 {[%clk 1:06:39]} Ra5 {[%clk 0:05:34]} 66. Bc2
{[%clk 1:06:47]} Ra6 {[%clk 0:04:09]} 67. Ka2 {[%clk 1:06:10]} Rc6
{[%clk 0:03:40]} 68. Bb3 {[%clk 1:06:25]} Rc3 {[%clk 0:03:32]} 69. Rf5
{[%clk 1:06:30]} Rc7 {[%clk 0:03:23]} 70. a5 {[%clk 1:06:39]} Ra7
{[%clk 0:03:13]} 71. Bc4 {[%clk 1:06:49]} Bd8 {[%clk 0:02:32]} 72. a6
{[%clk 1:07:04]} Kg6 {[%clk 0:01:57]} 73. Rf3 {[%clk 1:07:15]} f5
{[%clk 0:01:21]} 74. Bd3 {[%clk 1:07:11]} Rf7 {[%clk 0:01:21]} 75. Rxf5
{[%clk 1:07:17]} Ra7 {[%clk 0:00:47]} 76. Rd5+ {[%clk 1:07:16]} Kh5
{[%clk 0:00:53]} 77. Rxd8 {[%clk 1:07:32]} g4 {[%clk 0:00:58]} 78. Be2
{[%clk 1:07:16]} Kh4 {[%clk 0:01:09]} 79. Rh8+ {[%clk 1:07:27]} Kg3
{[%clk 0:01:28]} 80. Rg8 {[%clk 1:06:46]} Kf2 {[%clk 0:01:43]} 81. Rxg4
{[%clk 1:06:41]} Kxe2 {[%clk 0:02:04]} 82. Ra4 {[%clk 1:06:58]} Kd3
{[%clk 0:02:23]} 83. Kb2 {[%clk 1:06:54]} Ke3 {[%clk 0:02:40]} 84. Kb3
{[%clk 1:07:02]} Kd3 {[%clk 0:02:49]} 85. Kb4 {[%clk 1:06:55]} Kd4
{[%clk 0:03:11]} 86. Kb5+ {[%clk 1:07:16]} Kd5 {[%clk 0:03:26]} 87. Kb6
{[%clk 1:07:30]} Rh7 {[%clk 0:03:29]} 88. a7 {[%clk 1:07:48]} Rh6+
{[%clk 0:03:53]} 89. Kb5 {[%clk 1:08:08]} 1-0